| 000 | 00547nam a22001937a 4500 | ||
|---|---|---|---|
| 001 | T027600002952 | ||
| 008 | 181111b xve|||||r|||| 00| | esp d | ||
| 020 | _a978-980-394-050-8 | ||
| 099 |
_a338.27282 _bM632 |
||
| 100 | _aMieres, Francisco | ||
| 245 | _aEl petróleo y la problemática estructural venezolana | ||
| 260 | _a | ||
| 300 | _a332p. | ||
| 500 | _aImpreso | ||
| 650 | _aIndustria y Comercio del Petróleo--Venezuela | ||
| 650 | _aPetróleo--Aspectos Económicos | ||
| 650 | _aIndustria y Comercio del Petróleo | ||
| 942 | _cLIB | ||
| 999 |
_c4100 _d4100 |
||